000 00945nam a2200265 n 4500
001 C2-0274504
003 PPAK
005 20240505153227.0
008 060926n xx f | 0 may d
020 _qpaperback
040 _aPPAK
_beng
_cPPAK
_erda
082 0 4 _223
_a959.5112
090 0 0 _a959
_bNAI
_dKK
090 2 0 _a959.5112
_bNAI
_dKWS
100 0 _aNai Long Kasim Ibni Nai Long Ahmad,
_eauthor.
245 1 0 _aREALITI SEJARAH :
_bRAJA MAHA BESAR BENUA SIAM KEDAH PASAI MA /
_cDisediakan oleh NAI LONG KASIM NAI LONG AHMAD
264 1 _a[Alor Setar, Kedah?] :
_b[publisher not identified],
_c[date of publication not identified]
300 _a8 pages ;
_c30 cm
336 _2rdacontent
_atext
337 _2rdamedia
_aunmediated
338 _2rdacarrier
_avolume
500 _aSumber maklumat dari wasiat Nai Long Mahmud cucu Sultan Nai Long Luang Jaafar -- Cover
651 0 _aKedah
_vHistory
942 _cB
_2ddc
999 _c82273
_d82273